000 00565nam a2200241 a 4500
001 nice12345678
003 IN_TiNIC
005 20260116013532.0
008 050524s1996 dela grp 000 0 eng
020 _a
_c150
082 0 0 _a005.3
_bLOW
100 _aLowe, Doug
245 _aNetworking for Dummies
260 _aDelhi
_bPustak Mahal
_c1996
300 _a358p
500 _aincludes index and biblioraphy
505 2 _aGlossary, Index
650 _aComputer-Software
700 1 _aLowe, Doug
902 _bSRS
942 _cBK
999 _c11367
_d11367